[Event "Magistral Copa Mercosur 2015"]
[Site "Buenos Aires ARG"]
[Date "2015.06.07"]
[Round "4.5"]
[White "Henriquez Villagra, Cristobal"]
[Black "Valerga, Diego"]
[Result "1-0"]
[WhiteElo "2489"]
[BlackElo "2488"]
[PlyCount "69"]
[EventDate "2015.06.04"]
[EventType "tourn"]
[EventRounds "11"]
[EventCountry "ARG"]
[EventCategory "10"]
[Source "lmi"]
[SourceDate "2015.06.04"]

1. e4 c5 2. Nf3 e6 3. d4 cxd4 4. Nxd4 Nf6 5. Nc3 d6 6. g4 h6 7. h4 Nc6 8. Rg1
h5 9. gxh5 Nxh5 10. Bg5 Nf6 11. Be2 Qb6 12. Nb3 Bd7 13. h5 Nh7 14. Be3 Qc7 15.
Qd2 a6 16. O-O-O Nf6 17. f4 b5 18. a3 Rb8 19. e5 dxe5 20. fxe5 Nxe5 21. Bf4 b4
22. Qd4 bxc3 23. Bxe5 Qc8 24. Bxb8 cxb2+ 25. Kxb2 Qxb8 26. Bf3 a5 27. a4 Qc7
28. Kb1 Bb4 29. Rxg7 Ke7 30. Rf1 Rc8 31. Bc6 e5 32. Qxd7+ Nxd7 33. Rfxf7+ Ke6
34. Bxd7+ Kd5 35. Be6+ 1-0

[Event "Magistral Copa Mercosur 2015"]
[Site "Buenos Aires ARG"]
[Date "2015.06.07"]
[Round "4.6"]
[White "Sosa, Tomas"]
[Black "Pichot, Alan"]
[Result "0-1"]
[WhiteElo "2385"]
[BlackElo "2492"]
[PlyCount "62"]
[EventDate "2015.06.04"]
[EventType "tourn"]
[EventRounds "11"]
[EventCountry "ARG"]
[EventCategory "10"]
[Source "lmi"]
[SourceDate "2015.06.04"]

1. e4 c5 2. Nf3 e6 3. d4 cxd4 4. Nxd4 a6 5. Bd3 Qb6 6. Nb3 Qc7 7. Nc3 Nf6 8. f4
d6 9. Qf3 Nbd7 10. g4 h6 11. Be3 b5 12. O-O-O Bb7 13. Rhe1 b4 14. Ne2 Rc8 15.
Ng3 Be7 16. h4 g5 17. hxg5 hxg5 18. Rf1 Rg8 19. Kb1 gxf4 20. Bxf4 Nxg4 21. Bxd6
Nde5 22. Bxc7 Nxf3 23. Bf4 Ngh2 24. Na5 Nxf1 25. Nxf1 Rg4 26. Bh6 Bxe4 27. Bxa6
Bxc2+ 28. Kc1 Rc5 29. Nb7 Bxd1+ 30. Kxd1 Rd5+ 31. Kc1 Bg5+ 0-1

[Event "Magistral Copa Mercosur 2015"]
[Site "Buenos Aires ARG"]
[Date "2015.06.08"]
[Round "5.1"]
[White "Pichot, Alan"]
[Black "Slipak, Sergio"]
[Result "1/2-1/2"]
[WhiteElo "2492"]
[BlackElo "2433"]
[PlyCount "69"]
[EventDate "2015.06.04"]
[EventType "tourn"]
[EventRounds "11"]
[EventCountry "ARG"]
[EventCategory "10"]
[Source "lmi"]
[SourceDate "2015.06.04"]

1. e4 c5 2. Nf3 Nf6 3. e5 Nd5 4. Nc3 e6 5. g3 Nc6 6. Bg2 Nxc3 7. dxc3 d6 8.
exd6 Bxd6 9. O-O O-O 10. Be3 Qe7 11. Qe2 Bd7 12. Rad1 Rad8 13. Ng5 f5 14. f4 h6
15. Nf3 b6 16. Rfe1 Bc7 17. Bf2 Rf6 18. b4 cxb4 19. Qc4 Be8 20. Nd4 Na5 21.
Qxb4 Bd6 22. Qb1 Kh8 23. Rd2 Bc5 24. Rde2 Bxd4 25. Bxd4 Rg6 26. Qd1 Bc6 27. Rd2
Bd5 28. Qh5 Qf7 29. Qe2 Nc6 30. Red1 Bxg2 31. Qxg2 e5 32. Bxe5 Rxd2 33. Rxd2
Qxa2 34. Qe2 Nxe5 35. Qxe5 1/2-1/2

[Event "Magistral Copa Mercosur 2015"]
[Site "Buenos Aires ARG"]
[Date "2015.06.08"]
[Round "5.2"]
[White "Valerga, Diego"]
[Black "Sosa, Tomas"]
[Result "1-0"]
[WhiteElo "2488"]
[BlackElo "2385"]
[PlyCount "129"]
[EventDate "2015.06.04"]
[EventType "tourn"]
[EventRounds "11"]
[EventCountry "ARG"]
[EventCategory "10"]
[Source "lmi"]
[SourceDate "2015.06.04"]

1. d4 Nf6 2. c4 g6 3. Nc3 Bg7 4. e4 d6 5. Bd3 O-O 6. Nge2 c5 7. d5 e6 8. h3
exd5 9. exd5 Nfd7 10. f4 Qh4+ 11. g3 Qe7 12. Bd2 Na6 13. a3 Nc7 14. a4 a6 15.
a5 Rb8 16. Qc2 b5 17. axb6 Rxb6 18. O-O f5 19. Rae1 Qf7 20. g4 Nf6 21. Ng3 fxg4
22. f5 gxf5 23. Bxf5 Bxf5 24. Nxf5 Re8 25. hxg4 Rxe1 26. Bxe1 Nxg4 27. Qg2 h5
28. Nh6+ Nxh6 29. Rxf7 Nxf7 30. Na4 Rb7 31. Qh3 Ne8 32. Qxh5 Re7 33. Bc3 Re4
34. Nb6 Rf4 35. Nd7 Bxc3 36. bxc3 Ng7 37. Qe2 a5 38. Qe7 a4 39. Nf6+ Rxf6 40.
Qxf6 a3 41. Qf2 Ne5 42. Qa2 Kf7 43. Qxa3 Nf5 44. Qa6 Kf6 45. Kf2 Kg5 46. Ke2
Kf4 47. Qa1 Ke4 48. Qb1+ Kf4 49. Qf1+ Ke4 50. Qf2 Nxc4 51. Qf3+ Ke5 52. Kd3
Nce3 53. c4 Kf6 54. Qf4 Kg6 55. Ke4 Kf6 56. Qf2 Kg5 57. Qh2 Kf6 58. Qh8+ Kg5
59. Qg8+ Kf6 60. Kf4 Ke7 61. Kg5 Kd7 62. Qf7+ Kd8 63. Qxf5 Nxf5 64. Kxf5 Ke7
65. Kg6 1-0

[Event "Magistral Copa Mercosur 2015"]
[Site "Buenos Aires ARG"]
[Date "2015.06.08"]
[Round "5.3"]
[White "Quesada Perez, Yuniesky"]
[Black "Henriquez Villagra, Cristobal"]
[Result "1-0"]
[WhiteElo "2647"]
[BlackElo "2489"]
[PlyCount "77"]
[EventDate "2015.06.04"]
[EventType "tourn"]
[EventRounds "11"]
[EventCountry "ARG"]
[EventCategory "10"]
[Source "lmi"]
[SourceDate "2015.06.04"]

1. e4 c5 2. Nf3 d6 3. d4 cxd4 4. Nxd4 Nf6 5. Nc3 Nc6 6. Bg5 Bd7 7. Qd2 Rc8 8.
f4 Nxd4 9. Qxd4 Qa5 10. e5 dxe5 11. fxe5 e6 12. O-O-O Bc6 13. Nb5 Bxb5 14. exf6
Bc6 15. h4 g6 16. Bc4 Bc5 17. Qe5 Bb4 18. Qe2 O-O 19. Bh6 Rfd8 20. Qxe6 Qc7 21.
Rxd8+ Rxd8 22. Qg4 Qd7 23. Qxd7 Rxd7 24. c3 Bf8 25. Bxf8 Kxf8 26. Rd1 Rxd1+ 27.
Kxd1 Bxg2 28. Kd2 Bh3 29. Bd5 b6 30. Bc6 h6 31. b4 g5 32. h5 Bg4 33. c4 Bxh5
34. Bd7 g4 35. c5 bxc5 36. bxc5 g3 37. c6 Bf3 38. c7 Bb7 39. Ke3 1-0

[Event "Magistral Copa Mercosur 2015"]
[Site "Buenos Aires ARG"]
[Date "2015.06.08"]
[Round "5.4"]
[White "Mekhitarian, Krikor Sevag"]
[Black "Della Morte, German"]
[Result "1-0"]
[WhiteElo "2570"]
[BlackElo "2401"]
[PlyCount "127"]
[EventDate "2015.06.04"]
[EventType "tourn"]
[EventRounds "11"]
[EventCountry "ARG"]
[EventCategory "10"]
[Source "lmi"]
[SourceDate "2015.06.04"]

1. d4 d5 2. c4 c6 3. Nf3 Nf6 4. Nc3 dxc4 5. a4 Bf5 6. Ne5 Nbd7 7. Nxc4 Qc7 8.
Qd2 Rd8 9. Qg5 g6 10. Qg3 Qc8 11. f3 Nb6 12. Nxb6 axb6 13. e4 Be6 14. Be3 Bg7
15. Qf2 O-O 16. Be2 Ne8 17. O-O f5 18. d5 cxd5 19. exd5 Bxc3 20. Rfc1 Rxd5 21.
Rxc3 Qd7 22. Bxb6 Rd2 23. Bb5 Rd1+ 24. Rxd1 Qxd1+ 25. Qf1 Qxf1+ 26. Bxf1 Kf7
27. Kf2 Nf6 28. Rc7 Ra8 29. Bc5 Nd5 30. Rxb7 Rxa4 31. Bb5 Ra1 32. Ba3 Rd1 33.
Be2 Rd2 34. g3 f4 35. Ke1 Rc2 36. gxf4 Nxf4 37. Rxe7+ Kf6 38. Bf1 Rc4 39. Kf2
Rc2+ 40. Kg1 Rc1 41. Kf2 Rc2+ 42. Ke1 Rc1+ 43. Kf2 Rc2+ 44. Kg1 Rc1 45. b3 Nh3+
46. Kg2 Nf4+ 47. Kf2 Rc2+ 48. Ke1 Bxb3 49. Rxh7 Bf7 50. Bf8 Rc1+ 51. Kf2 Rc2+
52. Ke3 Nh5 53. h4 Rc3+ 54. Kf2 Rc2+ 55. Kg1 Bd5 56. Bd3 Rc1+ 57. Kf2 Nf4 58.
Bb5 Rc2+ 59. Ke3 Ng2+ 60. Kd3 Ne1+ 61. Kd4 Bxf3 62. Be7+ Ke6 63. Bb4 Kf5 64.
Bd7+ 1-0

[Event "Magistral Copa Mercosur 2015"]
[Site "Buenos Aires ARG"]
[Date "2015.06.08"]
[Round "5.5"]
[White "Villanueva, Mario"]
[Black "Spangenberg, Hugo"]
[Result "0-1"]
[WhiteElo "2436"]
[BlackElo "2487"]
[PlyCount "106"]
[EventDate "2015.06.04"]
[EventType "tourn"]
[EventRounds "11"]
[EventCountry "ARG"]
[EventCategory "10"]
[Source "lmi"]
[SourceDate "2015.06.04"]

1. e4 c5 2. Nf3 Nc6 3. d4 cxd4 4. Nxd4 g6 5. Nc3 Bg7 6. Be3 Nf6 7. Bc4 O-O 8.
Bb3 Re8 9. O-O d6 10. Nxc6 bxc6 11. f4 Ng4 12. Bd4 Bxd4+ 13. Qxd4 Qb6 14. Qxb6
axb6 15. h3 Nh6 16. g4 Kg7 17. g5 Ng8 18. h4 e6 19. Rad1 d5 20. f5 gxf5 21.
exf5 exf5 22. Rfe1 Re6 23. Ne2 Re4 24. Nd4 Ne7 25. c3 Ra7 26. Nf3 Ng6 27. h5
Nf4 28. h6+ Kf8 29. c4 Be6 30. cxd5 cxd5 31. Kh2 Ra5 32. Kg3 Ne2+ 33. Kf2 Nf4
34. Kg3 Ng6 35. Nd4 Rc5 36. Rxe4 fxe4 37. Rf1 Ke7 38. Nf5+ Kd7 39. Nd4 Kd6 40.
Rf6 Ke5 41. Nxe6 fxe6 42. Rf7 Rc1 43. Rxh7 Rg1+ 44. Kf2 Rxg5 45. Rg7 Rf5+ 46.
Ke1 Nf4 47. h7 Nd3+ 48. Kd2 Kd4 49. Bd1 e3+ 50. Kc2 Rf2+ 51. Kb3 Rxb2+ 52. Ka3
Rh2 53. Bg4 Nf4 0-1

[Event "Magistral Copa Mercosur 2015"]
[Site "Buenos Aires ARG"]
[Date "2015.06.09"]
[Round "6.1"]
[White "Slipak, Sergio"]
[Black "Barbosa, Evandro Amorim"]
[Result "1-0"]
[WhiteElo "2433"]
[BlackElo "2462"]
[PlyCount "131"]
[EventDate "2015.06.04"]
[EventType "tourn"]
[EventRounds "11"]
[EventCountry "ARG"]
[EventCategory "10"]
[Source "lmi"]
[SourceDate "2015.06.04"]

1. Nf3 c5 2. e3 d5 3. b3 Nf6 4. Bb2 a6 5. g3 Nc6 6. Bg2 d4 7. exd4 cxd4 8. O-O
g6 9. c3 dxc3 10. dxc3 Qxd1 11. Rxd1 Bg7 12. c4 O-O 13. Nd4 Bg4 14. Nxc6 Bxd1
15. Nxe7+ Kh8 16. Na3 Bg4 17. Bxb7 Ra7 18. Nd5 Rxb7 19. Bxf6 Bxf6 20. Nxf6 Bf3
21. Nc2 Re7 22. Ne3 Kg7 23. Nfd5 Re5 24. h4 f5 25. b4 h6 26. a4 g5 27. Ra3 Kg6
28. Rd3 f4 29. Nb6 Re6 30. Nd7 Rf7 31. gxf4 gxf4 32. Ng2 Ba8 33. Nc5 Ref6 34.
f3 Kh7 35. Kf2 Rc6 36. Rd8 Bb7 37. Rd4 Bc8 38. a5 Rg6 39. Ne4 Rc6 40. Nd6 Rf6
41. c5 Be6 42. Nxf4 Bb3 43. Re4 Bf7 44. Nd3 Rc7 45. Ne5 Bh5 46. Ng4 Rf8 47. Ke3
Rg7 48. c6 Rc7 49. Ne5 Bxf3 50. Nxf3 Rxc6 51. Re7+ Kg8 52. Ne4 Rc4 53. Rb7 Rc1
54. Nd4 Re1+ 55. Kd3 Rh1 56. Ne6 Rf7 57. Rxf7 Kxf7 58. N4c5 Rxh4 59. Nxa6 Rh1
60. Nac5 h5 61. b5 Ke7 62. b6 h4 63. b7 Rb1 64. a6 h3 65. a7 h2 66. Nc7 1-0

[Event "Magistral Copa Mercosur 2015"]
[Site "Buenos Aires ARG"]
[Date "2015.06.09"]
[Round "6.2"]
[White "Spangenberg, Hugo"]
[Black "Rodriguez Vila, Andres"]
[Result "0-1"]
[WhiteElo "2487"]
[BlackElo "2469"]
[PlyCount "74"]
[EventDate "2015.06.04"]
[EventType "tourn"]
[EventRounds "11"]
[EventCountry "ARG"]
[EventCategory "10"]
[Source "lmi"]
[SourceDate "2015.06.04"]

1. e4 e6 2. d4 d5 3. Nc3 Bb4 4. e5 Ne7 5. Bd2 b6 6. Nf3 h6 7. a4 O-O 8. Nb5
Bxd2+ 9. Qxd2 Ba6 10. Ra3 c6 11. Nd6 Bxf1 12. Kxf1 f6 13. h4 Nd7 14. Qe2 c5 15.
exf6 Rxf6 16. Ne5 cxd4 17. Ng4 Nc6 18. Nxf6+ Qxf6 19. Nb5 Nde5 20. Rg3 Rf8 21.
Kg1 Ng6 22. Qd2 Nf4 23. b3 a6 24. Na3 d3 25. cxd3 Qa1+ 26. Kh2 Qxa3 27. Rc1 Ne7
28. Rf3 Qd6 29. g3 Neg6 30. gxf4 Rxf4 31. Rg3 Nxh4 32. Rc8+ Kh7 33. Kh1 Nf5 34.
Rg2 Qe5 35. Qc3 Nd4 36. Rg3 Rxf2 37. Qc7 Qh5+ 0-1

[Event "Magistral Copa Mercosur 2015"]
[Site "Buenos Aires ARG"]
[Date "2015.06.09"]
[Round "6.3"]
[White "Della Morte, German"]
[Black "Villanueva, Mario"]
[Result "1-0"]
[WhiteElo "2401"]
[BlackElo "2436"]
[PlyCount "43"]
[EventDate "2015.06.04"]
[EventType "tourn"]
[EventRounds "11"]
[EventCountry "ARG"]
[EventCategory "10"]
[Source "lmi"]
[SourceDate "2015.06.04"]

1. e4 c5 2. Nc3 e6 3. f4 d5 4. exd5 exd5 5. Bb5+ Nc6 6. Nf3 Nf6 7. Ne5 Qc7 8.
Qf3 Bd6 9. Nxd5 Nxd5 10. Qxd5 O-O 11. Nxc6 bxc6 12. Bxc6 Be6 13. Qf3 Rac8 14.
f5 Bxh2 15. Be4 Bg3+ 16. Kf1 Rce8 17. d3 Qe5 18. Rh3 Bxf5 19. Rxg3 Bxe4 20.
dxe4 f5 21. Kg1 fxe4 22. Qc3 1-0

[Event "Magistral Copa Mercosur 2015"]
[Site "Buenos Aires ARG"]
[Date "2015.06.09"]
[Round "6.4"]
[White "Henriquez Villagra, Cristobal"]
[Black "Mekhitarian, Krikor Sevag"]
[Result "0-1"]
[WhiteElo "2489"]
[BlackElo "2570"]
[PlyCount "84"]
[EventDate "2015.06.04"]
[EventType "tourn"]
[EventRounds "11"]
[EventCountry "ARG"]
[EventCategory "10"]
[Source "lmi"]
[SourceDate "2015.06.04"]

1. d4 Nf6 2. c4 e6 3. Nf3 Bb4+ 4. Bd2 Qe7 5. g3 Bxd2+ 6. Qxd2 Nc6 7. Nc3 d5 8.
cxd5 exd5 9. Bg2 O-O 10. O-O Bf5 11. Nh4 Be6 12. Rac1 a6 13. Na4 Na7 14. Nc5 c6
15. a4 Nc8 16. f3 Nd6 17. e4 Nd7 18. exd5 Bxd5 19. Rfe1 Qd8 20. Bh3 Nf6 21. a5
Re8 22. b3 Rxe1+ 23. Rxe1 Qc7 24. Re5 Rd8 25. Qe1 Kf8 26. Qb4 g6 27. Kf2 Kg7
28. Ng2 Nb5 29. Nf4 Kg8 30. Bf1 Nxd4 31. Qxd4 Bxf3 32. Qxd8+ Qxd8 33. Kxf3 Qxa5
34. Ncd3 Qa2 35. b4 Qxh2 36. Re7 g5 37. Ng2 Nh5 38. Rxb7 Qxg3+ 39. Ke2 g4 40.
Ne3 Qf3+ 41. Kd2 Ng3 42. Ne5 Nxf1+ 0-1

[Event "Magistral Copa Mercosur 2015"]
[Site "Buenos Aires ARG"]
[Date "2015.06.09"]
[Round "6.5"]
[White "Sosa, Tomas"]
[Black "Quesada Perez, Yuniesky"]
[Result "1/2-1/2"]
[WhiteElo "2385"]
[BlackElo "2647"]
[PlyCount "41"]
[EventDate "2015.06.04"]
[EventType "tourn"]
[EventRounds "11"]
[EventCountry "ARG"]
[EventCategory "10"]
[Source "lmi"]
[SourceDate "2015.06.04"]

1. e4 e5 2. Nf3 Nc6 3. Bb5 a6 4. Ba4 Nf6 5. O-O b5 6. Bb3 Bc5 7. a4 Rb8 8. axb5
axb5 9. d3 d6 10. Be3 O-O 11. h3 Bxe3 12. fxe3 Ne7 13. Nh4 Kh8 14. Nd2 Ng6 15.
Nf5 Be6 16. Ra7 d5 17. Qf3 c6 18. Ra6 Qc8 19. Ra7 Qd8 20. Ra6 Qc8 21. Ra7
1/2-1/2

[Event "Magistral Copa Mercosur 2015"]
[Site "Buenos Aires ARG"]
[Date "2015.06.09"]
[Round "6.6"]
[White "Pichot, Alan"]
[Black "Valerga, Diego"]
[Result "1/2-1/2"]
[WhiteElo "2492"]
[BlackElo "2488"]
[PlyCount "62"]
[EventDate "2015.06.04"]
[EventType "tourn"]
[EventRounds "11"]
[EventCountry "ARG"]
[EventCategory "10"]
[Source "lmi"]
[SourceDate "2015.06.04"]

1. e4 c5 2. Nf3 d6 3. d4 cxd4 4. Nxd4 Nf6 5. Nc3 Nc6 6. Bc4 Qb6 7. Nb3 e6 8.
Bf4 Ne5 9. Be2 Bd7 10. Qd2 Be7 11. O-O-O Rc8 12. Be3 Qc7 13. Nb5 Bxb5 14. Bxb5+
Nfd7 15. Qe2 O-O 16. Bd4 a6 17. Bxd7 Nxd7 18. Bc3 Qc4 19. Qe3 Nf6 20. Rhe1 d5
21. Qg3 dxe4 22. Rd7 Qxc3 23. bxc3 Nxd7 24. Rxe4 Nb6 25. Nd4 Rfd8 26. Re3 Nd5
27. Rd3 Bf6 28. Ne2 Rc4 29. h3 Rdc8 30. Qd6 Be7 31. Qd7 R4c7 1/2-1/2

[Event "Magistral Copa Mercosur 2015"]
[Site "Buenos Aires ARG"]
[Date "2015.06.10"]
[Round "7.1"]
[White "Valerga, Diego"]
[Black "Slipak, Sergio"]
[Result "1/2-1/2"]
[WhiteElo "2488"]
[BlackElo "2433"]
[PlyCount "26"]
[EventDate "2015.06.04"]
[EventType "tourn"]
[EventRounds "11"]
[EventCountry "ARG"]
[EventCategory "10"]
[Source "lmi"]
[SourceDate "2015.06.04"]

1. e4 e5 2. Nf3 Nc6 3. d4 exd4 4. Nxd4 Bc5 5. Nxc6 Qf6 6. Qf3 Qxf3 7. gxf3 bxc6
8. Be3 Bxe3 9. fxe3 d6 10. Nc3 Ne7 11. Bc4 Be6 12. Bb3 O-O 13. Ke2 Rfe8 1/2-1/2

[Event "Magistral Copa Mercosur 2015"]
[Site "Buenos Aires ARG"]
[Date "2015.06.10"]
[Round "7.2"]
[White "Quesada Perez, Yuniesky"]
[Black "Pichot, Alan"]
[Result "1-0"]
[WhiteElo "2647"]
[BlackElo "2492"]
[PlyCount "65"]
[EventDate "2015.06.04"]
[EventType "tourn"]
[EventRounds "11"]
[EventCountry "ARG"]
[EventCategory "10"]
[Source "lmi"]
[SourceDate "2015.06.04"]

1. e4 c5 2. Nf3 e6 3. d4 cxd4 4. Nxd4 a6 5. c4 Nf6 6. Nc3 Bb4 7. Qd3 d5 8. exd5
exd5 9. Be2 O-O 10. O-O Nc6 11. Rd1 Nxd4 12. Qxd4 Qe7 13. Bf3 dxc4 14. Bg5 Be6
15. Ne4 Rfd8 16. Qe5 Rxd1+ 17. Rxd1 Rd8 18. Rxd8+ Qxd8 19. Bxf6 gxf6 20. Nxf6+
Kf8 21. Nxh7+ Ke7 22. Qg5+ Kd7 23. Qxd8+ Kxd8 24. Ng5 Kc7 25. Nxe6+ fxe6 26.
Be4 Bd6 27. h4 Be5 28. b3 c3 29. g4 Kb6 30. Kg2 Kc5 31. g5 Kb4 32. Kf3 Ka3 33.
h5 1-0

[Event "Magistral Copa Mercosur 2015"]
[Site "Buenos Aires ARG"]
[Date "2015.06.10"]
[Round "7.3"]
[White "Mekhitarian, Krikor Sevag"]
[Black "Sosa, Tomas"]
[Result "1-0"]
[WhiteElo "2570"]
[BlackElo "2385"]
[PlyCount "91"]
[EventDate "2015.06.04"]
[EventType "tourn"]
[EventRounds "11"]
[EventCountry "ARG"]
[EventCategory "10"]
[Source "lmi"]
[SourceDate "2015.06.04"]

1. d4 Nf6 2. c4 g6 3. Nf3 Bg7 4. g3 O-O 5. Bg2 d6 6. O-O Nbd7 7. Nc3 e5 8. e4
Re8 9. h3 exd4 10. Nxd4 a6 11. Be3 Rb8 12. b3 Nc5 13. Qc2 Bd7 14. Rfe1 Qc8 15.
g4 b5 16. b4 Ne6 17. Nxe6 Bxe6 18. c5 h5 19. g5 Nd7 20. Rad1 dxc5 21. bxc5 Ne5
22. f4 Nc4 23. Bd4 Bxd4+ 24. Rxd4 c6 25. Qd3 Qc7 26. e5 Bf5 27. Ne4 Bxe4 28.
Bxe4 Rbd8 29. Rd1 Rxd4 30. Qxd4 Nxe5 31. fxe5 Qxe5 32. Bxc6 Qg3+ 33. Bg2 Re2
34. Qd8+ Kh7 35. Qd5 Re1+ 36. Rxe1 Qxe1+ 37. Kh2 Kg7 38. c6 h4 39. Qd6 Kh7 40.
c7 Qc3 41. Qe7 Qc4 42. c8=Q Qxc8 43. Qxf7+ Kh8 44. Be4 Qc1 45. Qf6+ Kg8 46.
Bd5+ 1-0

[Event "Magistral Copa Mercosur 2015"]
[Site "Buenos Aires ARG"]
[Date "2015.06.10"]
[Round "7.4"]
[White "Villanueva, Mario"]
[Black "Henriquez Villagra, Cristobal"]
[Result "0-1"]
[WhiteElo "2436"]
[BlackElo "2489"]
[PlyCount "72"]
[EventDate "2015.06.04"]
[EventType "tourn"]
[EventRounds "11"]
[EventCountry "ARG"]
[EventCategory "10"]
[Source "lmi"]
[SourceDate "2015.06.04"]

1. e4 c5 2. Nf3 d6 3. d4 cxd4 4. Nxd4 Nf6 5. Nc3 a6 6. Be2 e6 7. a4 Nc6 8. O-O
Be7 9. Be3 O-O 10. f4 Qc7 11. Kh1 Re8 12. Bf3 Na5 13. Nde2 Nd7 14. g4 b6 15. g5
Bb7 16. Bg2 Bf8 17. Rf3 g6 18. Rh3 Bg7 19. Qe1 Nf8 20. Qh4 Nc4 21. Bc1 b5 22.
axb5 axb5 23. Nxb5 Qc5 24. Rxa8 Rxa8 25. Nbc3 Ra1 26. f5 gxf5 27. exf5 Qxf5 28.
Bxb7 Qf1+ 29. Ng1 Rxc1 30. Rg3 Ng6 31. Qe4 d5 32. Bxd5 exd5 33. Nxd5 Nd6 34.
Qe3 Re1 35. Qb6 Ne4 36. Rg2 Qf3 0-1

[Event "Magistral Copa Mercosur 2015"]
[Site "Buenos Aires ARG"]
[Date "2015.06.10"]
[Round "7.5"]
[White "Rodriguez Vila, Andres"]
[Black "Della Morte, German"]
[Result "1-0"]
[WhiteElo "2469"]
[BlackElo "2401"]
[PlyCount "105"]
[EventDate "2015.06.04"]
[EventType "tourn"]
[EventRounds "11"]
[EventCountry "ARG"]
[EventCategory "10"]
[Source "lmi"]
[SourceDate "2015.06.04"]

1. f4 Nf6 2. Nf3 g6 3. g3 Bg7 4. Bg2 O-O 5. O-O d5 6. d3 c5 7. Nc3 Nc6 8. e4 d4
9. Ne2 Ng4 10. h3 Ne3 11. Bxe3 dxe3 12. c3 Qb6 13. Qc1 Rd8 14. Ne1 a5 15. Rf3
e5 16. Rxe3 c4 17. Kh2 Be6 18. fxe5 cxd3 19. Nxd3 Bc4 20. Ndf4 Rd1 21. Qxd1
Qxe3 22. Nd4 Bxe5 23. Qf3 Bxd4 24. cxd4 Qxf3 25. Bxf3 Nxd4 26. Bg2 Nc6 27. b3
Be6 28. Nd5 Rd8 29. Rc1 Kf8 30. Rc5 h6 31. g4 Ke8 32. Rb5 Bc8 33. Kg3 Kd7 34.
Kf4 Kd6 35. h4 Re8 36. Ne3 Kc7 37. g5 h5 38. Nd5+ Kb8 39. Nc3 Kc7 40. e5 Be6
41. Nd5+ Bxd5 42. Bxd5 Re7 43. Bxc6 Kxc6 44. Rxa5 Re8 45. Ke4 Rd8 46. Ra4 Rd2
47. Rc4+ Kb6 48. a4 Rd1 49. b4 Re1+ 50. Kd5 Rd1+ 51. Rd4 Re1 52. Kd6 Rc1 53.
Ke7 1-0

[Event "Magistral Copa Mercosur 2015"]
[Site "Buenos Aires ARG"]
[Date "2015.06.10"]
[Round "7.6"]
[White "Barbosa, Evandro Amorim"]
[Black "Spangenberg, Hugo"]
[Result "1/2-1/2"]
[WhiteElo "2462"]
[BlackElo "2487"]
[PlyCount "89"]
[EventDate "2015.06.04"]
[EventType "tourn"]
[EventRounds "11"]
[EventCountry "ARG"]
[EventCategory "10"]
[Source "lmi"]
[SourceDate "2015.06.04"]

1. e4 c5 2. Nf3 Nc6 3. Bb5 g6 4. Bxc6 bxc6 5. O-O Bg7 6. Re1 f6 7. c3 Nh6 8. d4
cxd4 9. cxd4 d6 10. h3 Nf7 11. b3 O-O 12. Bb2 Qa5 13. Nbd2 Qa6 14. b4 Rb8 15.
Bc3 e5 16. a4 Be6 17. Qc2 Bh6 18. Nb3 Qc8 19. Rad1 Bf4 20. Na5 g5 21. Nh2 Kh8
22. g3 Bxh3 23. gxf4 gxf4 24. Kh1 f3 25. Rg1 Rg8 26. dxe5 Bg2+ 27. Rxg2 fxg2+
28. Kg1 Ng5 29. Rd3 Nh3+ 30. Rxh3 Qxh3 31. Qc1 fxe5 32. Nc4 Qe6 33. f4 Rg7 34.
Ne3 Rf8 35. Nf5 Rxf5 36. exf5 Qxf5 37. fxe5 dxe5 38. Qd1 h5 39. Nf3 Kh7 40.
Bxe5 Rg4 41. Bc3 h4 42. Qd8 Qb1+ 43. Ne1 Qe4 44. Qh8+ Kg6 45. Qg7+ 1/2-1/2

[Event "Magistral Copa Mercosur 2015"]
[Site "Buenos Aires ARG"]
[Date "2015.06.11"]
[Round "8.1"]
[White "Slipak, Sergio"]
[Black "Spangenberg, Hugo"]
[Result "1/2-1/2"]
[WhiteElo "2433"]
[BlackElo "2487"]
[PlyCount "37"]
[EventDate "2015.06.04"]
[EventType "tourn"]
[EventRounds "11"]
[EventCountry "ARG"]
[EventCategory "10"]
[Source "lmi"]
[SourceDate "2015.06.04"]

1. Nf3 c5 2. c3 Nf6 3. d4 e6 4. e3 d5 5. Nbd2 Nc6 6. Bd3 Qc7 7. O-O cxd4 8.
exd4 Bd6 9. Re1 b6 10. Nf1 Bb7 11. Bg5 O-O-O 12. Bh4 Kb8 13. Bg3 Bxg3 14. Nxg3
Qf4 15. Qc1 Qxc1 16. Raxc1 h6 17. Rc2 g6 18. h3 Nd7 19. Rce2 1/2-1/2

[Event "Magistral Copa Mercosur 2015"]
[Site "Buenos Aires ARG"]
[Date "2015.06.11"]
[Round "8.2"]
[White "Della Morte, German"]
[Black "Barbosa, Evandro Amorim"]
[Result "1-0"]
[WhiteElo "2401"]
[BlackElo "2462"]
[PlyCount "75"]
[EventDate "2015.06.04"]
[EventType "tourn"]
[EventRounds "11"]
[EventCountry "ARG"]
[EventCategory "10"]
[Source "lmi"]
[SourceDate "2015.06.04"]

1. e4 c5 2. Nf3 e6 3. d4 cxd4 4. Nxd4 Nc6 5. Nc3 Qc7 6. Be3 a6 7. Qd2 Nf6 8. f4
Bb4 9. Bd3 Ng4 10. Bg1 O-O 11. a3 Bxc3 12. bxc3 b5 13. Nxc6 Qxc6 14. Bd4 Bb7
15. O-O Rac8 16. Rf3 f5 17. Rg3 g6 18. Re1 Rce8 19. h3 Nh6 20. Qd1 e5 21. fxe5
f4 22. Rf3 g5 23. g3 Re6 24. gxf4 gxf4 25. Kh2 Rg6 26. Ref1 Qe6 27. Rxf4 Rxf4
28. Rxf4 Nf7 29. Qf3 Ng5 30. Qh5 Qe8 31. Qe2 Qe6 32. Rf5 Qc6 33. Qf2 Qe6 34.
Qf4 Qe7 35. e6 Nxe6 36. Qe5 Nxd4 37. Qxe7 Nxf5 38. Qe8+ 1-0

[Event "Magistral Copa Mercosur 2015"]
[Site "Buenos Aires ARG"]
[Date "2015.06.11"]
[Round "8.3"]
[White "Henriquez Villagra, Cristobal"]
[Black "Rodriguez Vila, Andres"]
[Result "1-0"]
[WhiteElo "2489"]
[BlackElo "2469"]
[PlyCount "79"]
[EventDate "2015.06.04"]
[EventType "tourn"]
[EventRounds "11"]
[EventCountry "ARG"]
[EventCategory "10"]
[Source "lmi"]
[SourceDate "2015.06.04"]

1. d4 f5 2. c4 Nf6 3. Nf3 g6 4. g3 Bg7 5. b4 O-O 6. Bb2 d5 7. Nbd2 Kh8 8. Bg2
Be6 9. cxd5 Bxd5 10. O-O c6 11. Bc3 Bg8 12. Qc2 Nd5 13. Nc4 Nxc3 14. Qxc3 Na6
15. e3 Nc7 16. Na5 Nd5 17. Qd2 Qb6 18. Rab1 Rad8 19. Rfc1 Nf6 20. a4 Ne4 21.
Qe1 Ba2 22. Ra1 Bd5 23. Nc4 Qc7 24. h4 b6 25. Ng5 Nxg5 26. hxg5 Bxg2 27. Kxg2
Qd7 28. Ra3 Qd5+ 29. Kg1 Rc8 30. Qf1 Rfd8 31. Qg2 Rc7 32. Rac3 Kg8 33. Na3 Qa2
34. Nb5 Rcd7 35. Qxc6 e5 36. Rc4 exd4 37. exd4 Qxa4 38. Qe6+ Kf8 39. Rc8 Qxb5
40. R1c7 1-0